| 000 | 00478nam a2200181Ia 4500 | ||
|---|---|---|---|
| 005 | 20250326142608.0 | ||
| 008 | 250326s9999 xx 000 0 und d | ||
| 037 | _aTextbook | ||
| 040 |
_aFMSL _beng _cFMSL |
||
| 041 |
_aeng _2eng |
||
| 084 | _qFMSL | ||
| 100 |
_aGupta SP _9744351 |
||
| 245 | 0 |
_aLiberalisation:Its impact on the Indian Economy _cGupta SP |
|
| 260 |
_aDelhi _bDelhi, Macmilian Co. _c1993 |
||
| 300 | _a2240p | ||
| 942 | _cTB | ||
| 999 |
_c1295748 _d1295748 |
||